| 000 | 004060000a22001450004500 | ||
|---|---|---|---|
| 003 | LK-CoMWRAF | ||
| 008 | 230817t ||||| |||| 00| 0 eng d | ||
| 040 |
_aLK-CoMWRAF _dLK-CoMWRAF _eLK-CoMWRAF |
||
| 041 | _aeng | ||
| 082 |
_a730 _bSSA |
||
| 245 |
_aEthnicity and Social Change in Sri Lanka _bPapers presented at a seminar organised by SSA |
||
| 260 |
_aColombo _bSSA _c1985 |
||
| 300 | _ap.256 | ||
| 942 | _cBK | ||
| 999 |
_c3044 _d3044 |
||